La energía nuclear y la proliferación de armas nucleares . Informe del grupo de trabajo sobre política de combustibles nucleares

Gespeichert in:
Bibliographische Detailangaben
Körperschaft: El Consejo Atlántico de los Estados Unidos
Format: Text
Veröffentlicht: México D.F.: Noema
Tags: Tag hinzufügen
Keine Tags, Fügen Sie den ersten Tag hinzu!

MARC

LEADER 00000 a a2200000 04500
001 25334
003
040
090 |a 181100  
110 |a El Consejo Atlántico de los Estados Unidos  
245 |a La energía nuclear y la proliferación de armas nucleares . Informe del grupo de trabajo sobre política de combustibles nucleares  
260 |a México D.F.:   |b Noema  
300 |a 176 p  
999 |c 6193  |d 6193